Complicial sets characterising the simplical nerves of strict [omega]-categories /

Guardado en:
Autor Principal: Verity, Dominic, 1966-
Formato: Libro
Idioma:English
Publicado: Providence, R.I. : American Mathematical Society, 2008.
Series:Memoirs of the American Mathematical Society, no. 905
Materias:
Etiquetas: Agregar Etiqueta
Sin Etiquetas, Sea el primero en etiquetar este registro!
LEADER 00903cam a22002418a 4500
001 MAT.inmabb004831
008 080114s2008####riu######b####000#0#eng##
005 20171010171200.0
245 1 0 |a Complicial sets characterising the simplical nerves of strict [omega]-categories /  |c Dominic Verity. 
260 |a Providence, R.I. :  |b American Mathematical Society,  |c 2008. 
300 |a 184 p. ;  |c 26 cm. 
490 0 |a Memoirs of the American Mathematical Society,  |x 0065-9266 ;  |v no. 905 
500 |a "May 2008, volume 193, number 905 (end of volume)." 
504 |a Incluye referencias bibliográficas. 
510 4 |a MR,  |c 2009k:18006 
020 |a 9780821841426 
100 1 |a Verity, Dominic,  |d 1966- 
650 0 |a Categories (Mathematics) 
650 0 |a Algebraic topology. 
084 |a 18D05 (18D15 18D35 18G30 55U10) )  |2 msc2000 
010 |a  2008060006 
040 |a DLC  |c DLC 
859 |k H  |p MAMS-905  |b BIB. MATEMATICA